[Event "45th Capablanca Mem Open"]
[Site "Havana CUB"]
[Date "2010.06.12"]
[Round "3"]
[White "Hernandez Moya,Y"]
[Black "Zavarce,Oscar Enrique"]
[Result "0-1"]
[WhiteElo "2181"]
[BlackElo "2124"]
[EventDate "2010.06.10"]

1. e4 c5 2. Nf3 e6 3. d4 cxd4 4. Nxd4 a6 5. Nc3 Qc7 6. Be3 Bb4 7. Qd2 Nf6
8. f3 d5 9. exd5 Nxd5 10. Nde2 Nxe3 11. Qxe3 O-O 12. O-O-O Nd7 13. Ne4 Ne5
14. Nf4 Be7 15. h4 Bd7 16. Kb1 Rac8 17. c3 Rfd8 18. Be2 Bb5 19. h5 Bxe2 20.
Nxe2 Nc4 21. Qc1 Qb6 22. b3 f5 23. N4g3 Ne3 24. Rxd8+ Rxd8 25. h6 g6 26.
Nd4 Rxd4 27. cxd4 Qxd4 28. a4 Nd5 29. Ne2 Qd3+ 30. Qc2 Qxe2 31. Qxe2 Nc3+
32. Kc2 Nxe2 33. Rd1 b5 34. Rd7 Kf7 35. Ra7 Nd4+ 36. Kc3 Ne2+ 37. Kb2 Nf4
38. g4 bxa4 39. bxa4 Nd3+ 40. Kc2 Ne1+ 41. Kd1 Nxf3 42. gxf5 gxf5 43. Rxa6
Ne5 44. Ra8 Nc4 45. a5 Ne3+ 46. Ke2 Nd5 47. a6 Bc5 48. a7 Bxa7 49. Rxa7+
Kg6 50. Ra6 Kg5 51. Kf3 e5 52. Rd6 Nf6 53. Ra6 Ng4 54. Ra7 Kxh6 55. Rf7 Kg6
56. Rf8 Nf6 57. Ra8 Kg5 58. Ra1 h6 59. Rg1+ Ng4 60. Ra1 e4+ 61. Ke2 h5 62.
Ra8 f4 63. Rf8 f3+ 64. Kf1 Kh4 65. Rf4 Kg3 0-1

[Event "45th Capablanca Mem Open"]
[Site "Havana CUB"]
[Date "2010.06.13"]
[Round "4"]
[White "Gomez Garrido,C"]
[Black "Jimenez Fraga,P"]
[Result "0-1"]
[WhiteElo "2498"]
[BlackElo "2460"]
[EventDate "2010.06.10"]

1. e4 c5 2. Nf3 Nc6 3. d4 cxd4 4. Nxd4 Nf6 5. Nc3 e5 6. Ndb5 d6 7. Bg5 a6
8. Na3 Be6 9. Nc4 Rc8 10. Nd5 Bxd5 11. Bxf6 gxf6 12. Qxd5 Nd4 13. O-O-O b5
14. Ne3 Bh6 15. c3 b4 16. Bc4 Qc7 17. cxd4 Qxc4+ 18. Kb1 Bxe3 19. fxe3 Qxd5
20. exd5 Rg8 21. g3 Rg4 22. Rhf1 Ke7 23. Rf5 Re4 24. Rdf1 Rxe3 25. Rxf6
Re1+ 26. Rxe1 Kxf6 27. Rf1+ Kg6 28. dxe5 dxe5 29. Rd1 Kf6 30. Rf1+ Ke7 31.
Rf5 f6 32. Rh5 Kd6 33. Rh6 e4 34. Rxf6+ Kxd5 35. Rf7 e3 36. Re7 Kd4 37.
Rd7+ Ke4 38. Rxh7 e2 39. Re7+ Kd3 40. Rd7+ Ke3 41. Re7+ Kd2 42. Rd7+ Ke1
43. Rf7 Rc4 44. b3 Rc3 0-1

[Event "45th Capablanca Mem Open"]
[Site "Havana CUB"]
[Date "2010.06.13"]
[Round "4"]
[White "Linares Napoles,O"]
[Black "Guerra Mendez,J"]
[Result "0-1"]
[WhiteElo "2322"]
[BlackElo "2471"]
[EventDate "2010.06.10"]

1. Nf3 Nf6 2. c4 b6 3. g3 Bb7 4. Bg2 c5 5. b3 g6 6. Bb2 Bg7 7. O-O O-O 8.
d3 Nc6 9. Nbd2 d6 10. d4 cxd4 11. Nxd4 Qd7 12. e4 Rfd8 13. Rb1 Rac8 14. a3
a6 15. Nxc6 Bxc6 16. Re1 Qb7 17. Qe2 b5 18. h3 e6 19. Qe3 Nh5 20. cxb5 axb5
21. Bxg7 Nxg7 22. h4 d5 23. exd5 exd5 24. Bh3 Bd7 25. Qe7 Rb8 26. Bg2 Be6
27. Qb4 Qa6 28. Nf3 Nf5 29. Bh3 Qd6 30. Bxf5 Qxb4 31. axb4 Bxf5 32. Rbd1
Bc2 33. Rd2 Bxb3 34. Nd4 Bc4 35. Nc6 Re8 36. Red1 Rbc8 37. Nd4 Ra8 38. Kg2
Ra4 39. Rb2 Kg7 40. Kh3 Rea8 41. Rdd2 Ra1 42. Kg2 Kf6 43. Kf3 Ke5 44. Nc6+
Kd6 45. Nd4 Re8 46. Kg4 f6 47. Kf3 h5 48. Kg2 Re4 49. Nf3 Ra3 50. Nd4 g5
51. hxg5 fxg5 52. Rd1 Rd3 53. Rxd3 Bxd3 54. Nf5+ Ke5 55. Ne3 d4 56. Nd1 Re1
57. Rd2 Bf1+ 58. Kh2 Be2 59. Nb2 Ke4 60. g4 h4 61. Nd3 Bxd3 62. Kh3 Be2 63.
f3+ Ke3 64. Ra2 Rh1+ 0-1

[Event "45th Capablanca Mem Open"]
[Site "Havana CUB"]
[Date "2010.06.13"]
[Round "4"]
[White "Arencibia Rodriguez,W"]
[Black "Delgado Ramos,H"]
[Result "1/2-1/2"]
[WhiteElo "2500"]
[BlackElo "2414"]
[EventDate "2010.06.10"]

1. d4 d5 2. c4 c6 3. Nc3 Nf6 4. Nf3 dxc4 5. a4 Bf5 6. e3 e6 7. Bxc4 Bb4 8.
O-O Nbd7 9. Qe2 O-O 10. e4 Bg6 11. Bd3 Bh5 12. Bf4 Re8 13. e5 Nd5 14. Nxd5
cxd5 15. Rfc1 a6 16. h3 Bg6 17. Bxg6 fxg6 18. Qc2 Rc8 19. Qb3 Qa5 20. Ng5
Rc6 21. h4 h6 22. Nh3 Rec8 23. Rxc6 Rxc6 24. Be3 Nf8 25. Nf4 Kf7 26. Nd3
Rc4 27. Qd1 Be7 28. h5 gxh5 29. Qxh5+ Kg8 30. b3 Rc2 31. Qe8 Qc3 32. Rd1
Qxb3 33. Qxe7 Rc7 34. Qxc7 Qxd1+ 35. Kh2 Qh5+ 1/2-1/2

[Event "45th Capablanca Mem Open"]
[Site "Havana CUB"]
[Date "2010.06.13"]
[Round "4"]
[White "Ortega,Mariano"]
[Black "Escobar Forero,A"]
[Result "1-0"]
[WhiteElo "2412"]
[BlackElo "2474"]
[EventDate "2010.06.10"]

1. d4 Nf6 2. Nf3 g6 3. c4 Bg7 4. Nc3 d6 5. e4 O-O 6. Be2 e5 7. Be3 Na6 8.
O-O Qe8 9. dxe5 dxe5 10. h3 b6 11. a3 Bb7 12. Qc2 Nh5 13. b4 c6 14. Rfd1
Nf4 15. c5 Nxe2+ 16. Qxe2 b5 17. Rd6 Nc7 18. Qd2 Ne6 19. Bh6 Bxh6 20. Qxh6
f6 21. Rad1 Rf7 22. Qd2 a5 23. Ne2 axb4 24. axb4 Kg7 25. Nc1 Ra3 26. Qb2
Rxf3 27. gxf3 Ng5 28. Qb3 Qc8 29. h4 Nh3+ 30. Kf1 Nf4 31. Ne2 Qh3+ 32. Ke1
Ng2+ 33. Kd2 Nxh4 34. Ng1 Qg2 35. Kc1 Qxf2 36. Rd7 Rxd7 37. Rxd7+ Kh6 38.
Qd1 Bc8 39. Qd2+ Qxd2+ 40. Rxd2 f5 41. Rd8 Be6 42. Rd6 Bc4 43. Rxc6 fxe4
44. fxe4 Bd3 45. Rb6 Bxe4 46. c6 Nf5 47. c7 Ne7 48. Rxb5 Nc8 49. Rb8 Bf5
50. b5 Kg5 51. b6 h5 52. b7 Nd6 53. Rf8 1-0

[Event "45th Capablanca Mem Open"]
[Site "Havana CUB"]
[Date "2010.06.13"]
[Round "4"]
[White "Rasmussen,Kar"]
[Black "Guerrero,An"]
[Result "1-0"]
[WhiteElo "2428"]
[BlackElo "2164"]
[EventDate "2010.06.10"]

1. Nf3 e6 2. c4 b6 3. Nc3 Bb7 4. e4 c5 5. d4 cxd4 6. Nxd4 a6 7. f3 Qc7 8.
Be3 Nf6 9. Qd2 Nc6 10. Nxc6 dxc6 11. c5 Bxc5 12. Bxc5 bxc5 13. Na4 Qe7 14.
Qc2 Nd7 15. Be2 O-O 16. O-O Rfd8 17. Rfd1 Qg5 18. Qc3 h5 19. Rd6 Nf8 20.
Rad1 Rxd6 21. Rxd6 Ng6 22. Bf1 Nf4 23. Kh1 Rd8 24. Qxc5 e5 25. g3 Ne6 26.
Rxd8+ Qxd8 27. Qc2 Nd4 28. Qd1 Qf6 29. Kg2 h4 30. Nc5 Bc8 31. Bxa6 h3+ 32.
Kf2 Bg4 33. Be2 g5 34. Nb3 Be6 35. Nxd4 exd4 36. a4 Qe5 37. Qc2 c5 38. Bc4
d3 39. Bxd3 Qd4+ 40. Kf1 g4 41. fxg4 Bxg4 42. Be2 Bd7 43. a5 Bc6 44. Bd3
Qe3 45. Qe2 Qc1+ 46. Kf2 Kf8 47. a6 Qh1 48. Ke3 Qg1+ 49. Kf3 f5 50. Kf4 c4
51. Bxc4 Qd4 52. Qd3 Qf6 53. exf5 Qh6+ 54. Ke5 Qg7+ 55. Kd6 1-0

[Event "45th Capablanca Mem Open"]
[Site "Havana CUB"]
[Date "2010.06.13"]
[Round "4"]
[White "Ruiz Sanchez,O"]
[Black "Gonzalez Vidal,Y"]
[Result "0-1"]
[WhiteElo "2381"]
[BlackElo "2543"]
[EventDate "2010.06.10"]

1. e4 c6 2. d4 d5 3. Nc3 dxe4 4. Nxe4 Bf5 5. Nc5 Nd7 6. Bd3 Bxd3 7. Nxd3 e6
8. Nf3 Ngf6 9. O-O Be7 10. c4 O-O 11. b3 b5 12. Nde5 Rc8 13. Qe2 bxc4 14.
Nxc4 Nb6 15. Bb2 Nxc4 16. Qxc4 Qb6 17. Qa4 Nd5 18. Ne5 Rc7 19. Rac1 Rfc8
20. Nd3 Qb5 21. Qc4 Nb4 22. Nxb4 Bxb4 23. Rc2 Bd6 24. Rfc1 Qh5 25. g3 Qf5
26. Qf1 h5 27. Qg2 h4 28. gxh4 f6 29. Rc4 Kf7 30. h3 Rh8 31. Qg4 Qd5 32.
Qg2 Qf5 33. Qg4 Qd5 34. Qg2 Qf5 35. Qg4 Qb5 36. Qe4 Rh6 37. Kh1 Qh5 38. Rg1
Qd5 39. Qxd5 cxd5 40. Rxc7+ Bxc7 41. Rc1 Bb6 42. Ba3 Bxd4 43. Bc5 Bxc5 44.
Rxc5 Rxh4 45. Rc7+ Ke8 46. Rxa7 d4 47. Rxg7 Rxh3+ 48. Kg2 Rc3 49. Ra7 Rc1
50. Kf3 Re1 51. Ra4 e5 52. Ra5 Kd7 53. Kg4 Kc6 54. Ra8 Kc5 55. Kf5 Kb4 56.
Kxf6 d3 57. Rd8 Kc3 58. Rc8+ Kb2 59. Ra8 Kc2 60. Rc8+ Kd1 61. a4 d2 62. a5
Re4 63. a6 Ke1 64. Rd8 Rd4 65. Rxd4 exd4 66. a7 d1=Q 67. a8=Q d3 68. f4
Qxb3 69. Qh1+ Ke2 70. Qe4+ Kd1 71. f5 d2 72. Kg7 Qg3+ 73. Kf8 Qb8+ 74. Kg7
Qc7+ 75. Kf8 Kc1 76. f6 d1=Q 77. Qe3+ Kb1 78. Qe4+ Ka1 79. Qe7 Qc8+ 0-1

[Event "45th Capablanca Mem Open"]
[Site "Havana CUB"]
[Date "2010.06.13"]
[Round "4"]
[White "Gomez Fontal,F"]
[Black "Hevia Alejano,C"]
[Result "1-0"]
[WhiteElo "2376"]
[BlackElo "2507"]
[EventDate "2010.06.10"]

1. d4 Nf6 2. Nf3 e6 3. c4 b6 4. g3 Ba6 5. b3 Bb4+ 6. Bd2 Be7 7. Bg2 c6 8.
Bc3 d5 9. Nbd2 Nbd7 10. O-O O-O 11. Re1 c5 12. e4 dxe4 13. Nxe4 Nxe4 14.
Rxe4 Bb7 15. Re3 Bf6 16. d5 exd5 17. cxd5 Bxc3 18. Rxc3 Qf6 19. Rac1 Rfe8
20. Qd2 Rad8 21. Rd1 Nf8 22. Rd3 Rd6 23. Ng5 Qg6 24. h4 h6 25. Nh3 Qf6 26.
Nf4 Ng6 27. Nxg6 Qxg6 28. Re3 Red8 29. Re5 Qf6 30. Qe1 R6d7 31. h5 Rf8 32.
Qe4 Qd8 33. f4 b5 34. Qf5 Rd6 35. Rde1 Qf6 36. Qc2 c4 37. bxc4 bxc4 38.
Qxc4 Rdd8 39. Kh2 Rc8 40. Qb4 Qa6 41. a4 Rb8 42. Rb1 Qd3 43. Rb3 Qc2 44.
Rb2 Qd1 45. Rd2 Qg4 46. Bh3 Qf3 47. Qe4 Qc3 48. Qd4 Qc1 49. Bg2 Rfd8 50.
Re7 Qa3 51. Rde2 Qd6 52. R2e5 a5 53. Qa7 Qb4 54. Qe3 Qxa4 55. Rxf7 Bxd5 56.
Bxd5 Rxd5 57. Qa7 Qc2+ 58. Kh3 Qc8+ 59. f5 1-0

[Event "45th Capablanca Mem Open"]
[Site "Havana CUB"]
[Date "2010.06.13"]
[Round "4"]
[White "Vega,L"]
[Black "Alvarez Pedraza,A"]
[Result "0-1"]
[WhiteElo "2357"]
[BlackElo "2500"]
[EventDate "2010.06.10"]

1. e4 e6 2. d4 d5 3. Nc3 Nf6 4. e5 Nfd7 5. f4 c5 6. Nf3 Nc6 7. Be3 Be7 8.
Qd2 O-O 9. dxc5 Bxc5 10. Nd4 Rb8 11. g3 Nxd4 12. Bxd4 b5 13. Qf2 Qb6 14.
Rd1 b4 15. Na4 Bxd4 16. Qxd4 Qc6 17. b3 Qxc2 18. Rd2 Qb1+ 19. Kf2 f6 20.
exf6 Nxf6 21. Kg2 Qe4+ 22. Kg1 g5 23. Qxa7 Rb7 24. Qf2 Rc7 25. Nc5 Qb1 26.
Kg2 Ne4 27. Nxe4 Qxe4+ 28. Qf3 gxf4 29. Bd3 Qxf3+ 30. Kxf3 e5 31. Bb5 e4+
32. Kg2 e3 0-1

[Event "45th Capablanca Mem Open"]
[Site "Havana CUB"]
[Date "2010.06.13"]
[Round "4"]
[White "Macias Murillo,B"]
[Black "Abreu Delgado,A"]
[Result "1/2-1/2"]
[WhiteElo "2347"]
[BlackElo "2482"]
[EventDate "2010.06.10"]

1. d4 Nf6 2. c4 g6 3. Nf3 Bg7 4. g3 O-O 5. Bg2 d5 6. cxd5 Nxd5 7. O-O Nc6
8. Nc3 Bf5 9. Re1 Nxc3 10. bxc3 Qd7 11. Bf4 Rac8 12. d5 Na5 13. Ne5 Qe8 14.
e4 Bd7 15. Nxd7 Qxd7 16. Qf3 c6 17. Rac1 cxd5 18. exd5 Nc4 19. h4 Rc5 20.
Re2 b6 21. Rce1 Re8 22. Bg5 f6 23. Bf4 Ne5 24. Bxe5 fxe5 25. h5 Rf8 26. Qd3
gxh5 27. Be4 h6 28. Kg2 Rd8 29. Rh1 e6 30. c4 b5 31. Qe3 Rxc4 32. dxe6 Qxe6
33. Qxa7 Ra4 34. Qc7 Rad4 35. Rh4 Qc4 36. Qxc4+ bxc4 37. Rh1 Rd2 38. Rxd2
Rxd2 39. Rc1 1/2-1/2

[Event "45th Capablanca Mem Open"]
[Site "Havana CUB"]
[Date "2010.06.13"]
[Round "4"]
[White "De la Paz Perdomo,F"]
[Black "Ordunez Echarte,D"]
[Result "1-0"]
[WhiteElo "2477"]
[BlackElo "2322"]
[EventDate "2010.06.10"]

1. b3 e5 2. Bb2 Nc6 3. c4 Nf6 4. Nf3 Bc5 5. e3 e4 6. d4 exd3 7. Bxd3 d6 8.
a3 Bg4 9. Qc2 Qe7 10. Nbd2 a5 11. O-O Rd8 12. Nd4 Ne5 13. Bf5 O-O 14. Rae1
g6 15. f4 Bxd4 16. exd4 Bxf5 17. Qc3 Rfe8 18. fxe5 dxe5 19. Rxe5 Qd6 20. c5
1-0

[Event "45th Capablanca Mem Open"]
[Site "Havana CUB"]
[Date "2010.06.13"]
[Round "4"]
[White "Borges Feria,Y"]
[Black "Figueredo Losada,L"]
[Result "1/2-1/2"]
[WhiteElo "2426"]
[BlackElo "2335"]
[EventDate "2010.06.10"]

1. e4 c5 2. Nf3 d6 3. d4 cxd4 4. Nxd4 Nf6 5. Nc3 a6 6. Be3 e6 7. g4 e5 8.
Nf5 h5 9. gxh5 d5 10. Bg5 d4 11. Bxf6 gxf6 12. Ne2 Bxf5 13. exf5 Qd5 14.
Rg1 Nc6 15. Bg2 Qb5 16. a4 Qb6 17. Ng3 O-O-O 18. Be4 Bc5 19. Rg2 Na5 20. b3
Bb4+ 21. Kf1 Bc3 22. Rb1 Kb8 23. Qe2 Nc6 24. Kg1 Nb4 25. Kh1 Qc5 26. Rd1
Bb2 27. Rb1 Bc3 28. Rd1 Bb2 29. Rb1 Bc3 1/2-1/2

[Event "45th Capablanca Mem Open"]
[Site "Havana CUB"]
[Date "2010.06.13"]
[Round "4"]
[White "Quesada Perez,Y"]
[Black "Ordaz Valdes,L"]
[Result "1/2-1/2"]
[WhiteElo "2582"]
[BlackElo "2307"]
[EventDate "2010.06.10"]

1. e4 e5 2. Nf3 Nf6 3. d4 Nxe4 4. Bd3 d5 5. Nxe5 Nd7 6. Nc3 Nxc3 7. bxc3
Nxe5 8. dxe5 Be7 9. O-O O-O 10. f4 f5 11. Rb1 Rb8 12. Be3 c5 13. Be2 Be6
14. Bf3 Qd7 15. Rf2 Rfd8 16. Rd2 Qa4 17. Bxd5 Bxd5 18. Rxd5 Qc4 19. Rxd8+
Rxd8 20. Qf3 Qxc3 21. Qe2 b6 22. Kf2 Bh4+ 23. g3 Be7 24. Kg2 c4 25. Kh3 Kf8
26. Bg1 g6 27. Rd1 Rxd1 28. Qxd1 Qb4 29. Bf2 Qb5 30. Qh1 Qd7 31. Qa8+ Kf7
32. Qh8 Qe6 33. Qxh7+ Ke8 34. Qh8+ Bf8 35. Qf6 Qxf6 36. exf6 Kf7 37. Bd4
Bh6 38. Kh4 b5 39. Be5 a5 40. Kh3 Bf8 41. Kg2 b4 42. Kf3 a4 43. Ke2 b3 44.
cxb3 cxb3 45. axb3 axb3 46. Kd3 Bc5 47. h3 Ke6 48. Bb2 Bb4 49. g4 Bd6 50.
Ke3 Bb4 51. Kf3 Bd2 52. g5 Kf7 53. Kg3 Be1+ 54. Kg2 Ke6 55. Kf3 Bd2 56. Kg3
1/2-1/2

[Event "45th Capablanca Mem Open"]
[Site "Havana CUB"]
[Date "2010.06.13"]
[Round "4"]
[White "Sanchez Alvarez,R"]
[Black "Morales Romero,P"]
[Result "1-0"]
[WhiteElo "2330"]
[BlackElo "2420"]
[EventDate "2010.06.10"]

1. d4 Nf6 2. c4 g6 3. Nc3 Bg7 4. e4 O-O 5. Nge2 d6 6. f3 Nbd7 7. Be3 c5 8.
d5 Ne5 9. Ng3 e6 10. Be2 exd5 11. cxd5 h5 12. O-O a6 13. a4 Rb8 14. h3 Re8
15. f4 Ned7 16. e5 dxe5 17. f5 e4 18. fxg6 fxg6 19. Bg5 Qb6 20. Qc2 Nh7 21.
a5 Qc7 22. Ngxe4 Ne5 23. d6 Qc6 24. Be7 Bf5 25. Rxf5 gxf5 26. Ng3 f4 27.
Nxh5 f3 28. Nxg7 Kxg7 29. Qf5 Rxe7 30. dxe7 Qd6 31. Bxf3 Qxe7 32. Be4 Kh8
33. Nd5 Qg7 34. Rf1 Nc6 35. Rf4 Nd4 36. Qh5 1-0

[Event "45th Capablanca Mem Open"]
[Site "Havana CUB"]
[Date "2010.06.13"]
[Round "4"]
[White "Aguero Jimenez,L"]
[Black "Fuentes Dominguez,F"]
[Result "0-1"]
[WhiteElo "2409"]
[BlackElo "2253"]
[EventDate "2010.06.10"]

1. e4 c5 2. Nf3 a6 3. d3 g6 4. g3 Bg7 5. Bg2 Nc6 6. O-O Nf6 7. c3 O-O 8.
Na3 d5 9. e5 Ne8 10. d4 cxd4 11. cxd4 Qb6 12. b3 Bg4 13. Be3 Nc7 14. h3
Bxf3 15. Bxf3 Rfd8 16. Nc2 a5 17. Rb1 Nb4 18. a3 Nxc2 19. Qxc2 Nb5 20. Qb2
e6 21. b4 a4 22. Be2 Rdc8 23. Rfc1 Bf8 24. Rc5 Na7 25. Rxc8 Rxc8 26. b5 Qd8
27. Bd2 Be7 28. Bb4 b6 29. Bxe7 Qxe7 30. Qb4 Kf8 31. Qxa4 Rc3 32. Ra1 h5
33. h4 Nc8 34. Kg2 Kg7 35. Ra2 Kh7 36. Qd1 Rxa3 37. Rc2 Qd8 38. Qc1 Ra8 39.
Rc7 Ne7 40. Bd3 Kg7 41. Rc2 Rc8 42. Rxc8 Qxc8 43. Qa3 Qb7 44. Qd6 Qa7 45.
Qd8 Qb7 46. Qd6 Qa7 47. Kf3 Ng8 48. Ke3 Nh6 49. f3 Qa5 50. Ke2 Qa2+ 51. Ke3
Qa1 52. Qb4 Qg1+ 53. Kd2 Qf2+ 54. Kc3 Qxf3 55. Qd6 Ng4 56. Qxb6 Nf2 57. Qa7
Qxd3+ 58. Kb4 Qc4+ 59. Ka5 Ne4 60. Ka6 Qa4+ 61. Kb6 Qxd4+ 62. Kb7 Qxa7+ 63.
Kxa7 d4 0-1

[Event "45th Capablanca Mem Open"]
[Site "Havana CUB"]
[Date "2010.06.13"]
[Round "4"]
[White "Alonso Moyano,J"]
[Black "Rincon Gonzalez,Lu"]
[Result "1-0"]
[WhiteElo "2399"]
[BlackElo "1900"]
[EventDate "2010.06.10"]

1. e4 e5 2. Nf3 Nc6 3. Bc4 Nf6 4. d3 d5 5. exd5 Nxd5 6. h3 Be7 7. O-O O-O
8. Re1 Bf6 9. Nbd2 Bf5 10. Ne4 Bxe4 11. dxe4 Nb6 12. Be2 Nd4 13. Nxd4 exd4
14. f4 Re8 15. Bd3 c5 16. b3 Bh4 17. Rf1 Rc8 18. Rb1 a6 19. Kh2 Nd7 20. a4
c4 21. Bxc4 Rxe4 22. g3 Bf6 23. Bd5 Re7 24. Bxb7 Rb8 25. Bxa6 Nc5 26. Bb5
Ne4 27. Bd2 g6 28. Bd3 Nxd2 29. Qxd2 Re3 30. a5 Be7 31. a6 Bc5 32. b4 Bb6
33. Qg2 Qc7 34. h4 Qe7 35. Rf3 Ba7 36. Rxe3 dxe3 37. Qe4 Qd7 38. Kg2 Qa4
39. h5 Qa2 40. Rb3 Qa1 41. Qe5 Qe1 42. h6 Qf2+ 43. Kh3 Kf8 44. Bc4 Qf3 45.
Qg7+ 1-0

[Event "45th Capablanca Mem Open"]
[Site "Havana CUB"]
[Date "2010.06.13"]
[Round "4"]
[White "Campos Vila,M"]
[Black "Garcia Pantoja,R"]
[Result "1-0"]
[WhiteElo "2178"]
[BlackElo "2378"]
[EventDate "2010.06.10"]

1. e4 d6 2. d4 Nf6 3. Nc3 g6 4. h3 Bg7 5. Be3 O-O 6. Qd2 Nc6 7. Nf3 e6 8.
Bg5 a6 9. O-O-O b5 10. Qf4 b4 11. Ne2 h6 12. Bxh6 Nxd4 13. Rxd4 e5 14. Nxe5
dxe5 15. Rxd8 exf4 16. Rxf8+ Kxf8 17. Bxg7+ Kxg7 18. Nxf4 Nxe4 19. Bc4 Bb7
20. Re1 c5 21. Rd1 Nf6 22. f3 Re8 23. Nd3 Ba8 24. Bxa6 Nd5 25. Re1 Rd8 26.
Bc4 Nb6 27. Bb5 Bd5 28. Nxc5 Ra8 29. Nd3 Ra5 30. Be8 Rxa2 31. Nxb4 Ra1+ 32.
Kd2 Nc4+ 33. Ke2 Ra8 34. Nxd5 Rxe8+ 35. Kf2 Rd8 36. b3 Rxd5 37. bxc4 Rd4
38. Ke3 Rxc4 39. Kd3 Rc8 40. c4 Kf6 41. Re2 Kf5 42. Re4 Rd8+ 43. Kc3 Rd1
44. Re2 Rc1+ 45. Kb4 Kf4 46. c5 f5 47. Kb5 g5 48. c6 Kg3 49. Kb6 f4 50. Kb7
Rb1+ 51. Kc8 Rc1 52. c7 Kh2 53. Rd2 1-0

[Event "45th Capablanca Mem Open"]
[Site "Havana CUB"]
[Date "2010.06.13"]
[Round "4"]
[White "Bacallao Alonso,Y"]
[Black "Lemes Rosales,Lazaro"]
[Result "1/2-1/2"]
[WhiteElo "2500"]
[BlackElo "2214"]
[EventDate "2010.06.10"]

1. e4 e5 2. Nf3 Nc6 3. Bb5 a6 4. Ba4 Nf6 5. O-O Be7 6. Re1 b5 7. Bb3 O-O 8.
a4 b4 9. d3 d6 10. Nbd2 Na5 11. Ba2 c5 12. c3 Rb8 13. d4 cxd4 14. cxd4 Qc7
15. Nf1 Nc6 16. Ne3 Qa7 17. d5 Na5 18. Nd2 Bd7 19. Ndc4 Qc7 20. Nxa5 Qxa5
21. Bb3 Qd8 22. Qd3 Bc8 23. Nf5 Bxf5 24. exf5 Qa5 25. Be3 Ng4 26. Bd2 Rfc8
27. Rac1 Qb6 28. Rxc8+ Rxc8 29. Re2 a5 30. h3 Nf6 31. Be3 Qb7 32. Rc2 Rxc2
33. Qxc2 Bd8 34. g4 h6 35. Qc4 Kf8 36. Kf1 Ke7 37. h4 Nd7 38. g5 hxg5 39.
hxg5 Bb6 40. Bd2 Bd4 41. g6 Nc5 42. Bd1 Qa6 43. Qxa6 Nxa6 44. Bg5+ f6 45.
Bc1 Nc5 46. Bc2 Kf8 1/2-1/2

[Event "45th Capablanca Mem Open"]
[Site "Havana CUB"]
[Date "2010.06.13"]
[Round "4"]
[White "Marrero Lopez,Yan"]
[Black "Martinez Duany,L"]
[Result "0-1"]
[WhiteElo "2316"]
[BlackElo "2515"]
[EventDate "2010.06.10"]

1. e4 c6 2. d4 Na6 3. Nf3 Nc7 4. Nbd2 d6 5. c3 g6 6. Bd3 Bg7 7. O-O Nh6 8.
h3 O-O 9. Re1 f6 10. Nf1 Nf7 11. Ng3 e5 12. Be3 Be6 13. Qc2 Qe7 14. Rad1
Bh6 15. c4 c5 16. d5 Bd7 17. Qd2 Bg7 18. a3 Rfc8 19. Nh2 Qf8 20. Qc2 Bh6
21. Ne2 Bxe3 22. fxe3 Qh6 23. Ng3 Rf8 24. Rd2 Qh4 25. Nhf1 Ng5 26. Rf2 Rf7
27. b4 Raf8 28. Rb1 Na6 29. b5 Nb8 30. a4 Kh8 31. Rb2 Bc8 32. Kh1 Rg7 33.
a5 Nf7 34. Qd1 Nh6 35. Kg1 Rgf7 36. b6 a6 37. Ra2 Qg5 38. Rf3 Ng8 39. Raf2
h5 40. Nd2 Bg4 41. hxg4 hxg4 42. Rf5 gxf5 43. Nxf5 Rh7 44. Nf1 Qh5 45. N1g3
Qh2+ 46. Kf1 Nh6 47. Rd2 Rg8 48. Kf2 Nxf5 49. exf5 Nd7 50. Qa4 e4 51. Bxe4
Ne5 52. Rd1 Qh4 53. Rh1 Qxh1 54. Nxh1 Rxh1 55. Kg3 Rc1 56. Bc2 Kg7 57. Qb3
Rh8 58. Bd3 Re1 59. Kf2 Rhh1 60. Be4 Rc1 61. Bc2 Ra1 62. Qc3 Rhc1 63. Qb3
Rxa5 64. Bd3 Raa1 65. Be2 Rcb1 66. Qc2 a5 67. Kg3 Rb4 68. e4 Ra3+ 69. Kh4
Re3 70. Kh5 a4 71. Bxg4 Rxc4 72. Qd2 Nxg4 73. Kxg4 Rcxe4+ 74. Kh5 Kf7 75.
Qa5 Rg3 0-1

[Event "45th Capablanca Mem Open"]
[Site "Havana CUB"]
[Date "2010.06.13"]
[Round "4"]
[White "Fernando,D"]
[Black "Larrua Gonzalez,F"]
[Result "1-0"]
[WhiteElo "2494"]
[BlackElo "2310"]
[EventDate "2010.06.10"]

1. e4 e5 2. Nf3 Nc6 3. Bb5 a6 4. Ba4 Nf6 5. Qe2 b5 6. Bb3 Be7 7. c3 O-O 8.
O-O d5 9. d3 Bb7 10. Nbd2 Re8 11. a3 Bf8 12. Ba2 Nb8 13. Rd1 Nbd7 14. Nf1
c6 15. Ng3 g6 16. h4 h5 17. Ng5 Nc5 18. b4 Ne6 19. Nf1 Bg7 20. Nxe6 Rxe6
21. Bg5 Qc7 22. Qf3 Rd8 23. Be3 Ree8 24. Nd2 Bc8 25. Qg3 Be6 26. Bg5 Rc8
27. Re1 Nd7 28. Nf3 dxe4 29. dxe4 c5 30. Be3 cxb4 31. cxb4 Nb6 32. Rac1 Nc4
33. Ng5 Qb7 34. Bc5 Bh6 35. Rc3 Qc6 36. Rd3 Bf8 37. Bxf8 Kxf8 38. Red1 Rc7
39. Nxe6+ Rxe6 40. Rd5 Rce7 41. Qc3 Rc7 42. Rc5 Qb6 43. Rdd5 Rxc5 44. bxc5
Qa5 45. Qc1 Qxa3 46. Qh6+ Ke7 47. Bxc4 bxc4 48. Kh2 Qb2 49. Qh8 1-0

[Event "45th Capablanca Mem Open"]
[Site "Havana CUB"]
[Date "2010.06.13"]
[Round "4"]
[White "Gongora Reyes,M"]
[Black "Quesada Vera,L"]
[Result "1/2-1/2"]
[WhiteElo "2471"]
[BlackElo "2308"]
[EventDate "2010.06.10"]

1. d4 Nf6 2. c4 d6 3. Nf3 Nbd7 4. g3 e5 5. Bg2 Be7 6. O-O O-O 7. b3 c6 8.
Nc3 Re8 9. e4 a6 10. d5 cxd5 11. cxd5 b5 12. a3 Qc7 13. Bb2 Qb8 14. Ne1 Bd8
15. Nd3 Bb6 16. Na2 Nc5 17. Nxc5 Bxc5 18. Nb4 Bd7 19. Nd3 Bb6 20. Rc1 Qa7
21. h3 Rac8 22. Qe2 a5 23. Rxc8 Rxc8 24. Rc1 Rxc1+ 25. Bxc1 Qc7 26. Bb2 h6
27. Kh2 Ba7 28. f4 Qb6 29. Qe1 exf4 30. gxf4 Qe3 31. Qxe3 Bxe3 32. Kg3 Nh5+
33. Kf3 Bd2 34. Bd4 Kf8 35. Bf1 g5 36. f5 Ke7 37. Ke2 Ng3+ 38. Kxd2 Nxf1+
39. Ke2 Ng3+ 40. Kf3 Nh5 41. Kg4 Nf6+ 42. Bxf6+ Kxf6 43. b4 axb4 44. axb4
Bc8 45. Kh5 Kg7 46. h4 f6 47. Kg4 Kf7 48. Ne1 Bd7 49. Nf3 Be8 50. Kh3 Ke7
51. Kg3 Bh5 52. Nd4 Be8 53. Ne6 Bd7 54. Kg4 Be8 55. Ng7 Kf8 56. Ne6+ Ke7
57. Nc7 Kd8 58. Ne6+ Ke7 59. Nd4 h5+ 60. Kg3 g4 61. Kf4 Bd7 62. Ne2 Kf8 63.
Ke3 Be8 64. Nf4 Bf7 1/2-1/2

[Event "45th Capablanca Mem Open"]
[Site "Havana CUB"]
[Date "2010.06.13"]
[Round "4"]
[White "Flaquer,L"]
[Black "Fernandez Garcia,JoseL1"]
[Result "0-1"]
[WhiteElo "2316"]
[BlackElo "2430"]
[EventDate "2010.06.10"]

1. e4 e5 2. Nf3 Nc6 3. Bc4 Nf6 4. d3 Be7 5. O-O O-O 6. Re1 d6 7. a4 Be6 8.
Nbd2 Qd7 9. Nf1 Rae8 10. Ng5 d5 11. Ba2 Bc5 12. Be3 d4 13. Nxe6 fxe6 14.
Bg5 Qf7 15. Nd2 h6 16. Bh4 Nh5 17. Rf1 Nf4 18. Bg3 Kh8 19. Rb1 Qg6 20. Nf3
Rf6 21. b4 Bd6 22. b5 Nd8 23. Bxf4 Rxf4 24. Nd2 Ref8 25. a5 b6 26. Nc4 Nf7
27. f3 Ng5 28. Kh1 Rh4 29. Qe1 Qh5 30. Qg3 Rff4 31. Kg1 Rf6 32. Nxd6 cxd6
33. axb6 axb6 34. Bb3 Rg6 35. Kf2 Rxh2 36. Qg4 Nh3+ 37. Kg3 Nf4 0-1

[Event "45th Capablanca Mem Open"]
[Site "Havana CUB"]
[Date "2010.06.13"]
[Round "4"]
[White "Castellanos Sanchez,C"]
[Black "Ris,R"]
[Result "1/2-1/2"]
[WhiteElo "2299"]
[BlackElo "2426"]
[EventDate "2010.06.10"]

1. e4 e5 2. Nc3 Nf6 3. Nf3 Nc6 4. a3 g6 5. Bb5 Nd4 6. Bc4 Nxf3+ 7. Qxf3 Bg7
8. d3 d6 9. Nd5 c6 10. Nxf6+ Qxf6 11. Qxf6 Bxf6 12. O-O 1/2-1/2

[Event "45th Capablanca Mem Open"]
[Site "Havana CUB"]
[Date "2010.06.13"]
[Round "4"]
[White "Obregon Rivero,J"]
[Black "Ostos,J"]
[Result "1-0"]
[WhiteElo "2410"]
[BlackElo "2273"]
[EventDate "2010.06.10"]

1. e4 e6 2. d3 d5 3. Nd2 Nf6 4. Ngf3 b6 5. g3 Bb7 6. Bg2 dxe4 7. Ng5 Nbd7
8. O-O Nc5 9. b4 e3 10. fxe3 Bxg2 11. Kxg2 Qd5+ 12. Ndf3 Ncd7 13. e4 Qb7
14. Qe1 h6 15. Nxf7 Kxf7 16. e5 Ng8 17. Kh3 Ke8 18. Nd4 g5 19. Qf2 Rh7 20.
Nxe6 g4+ 21. Kxg4 Nxe5+ 22. Kh3 Rf7 23. Nf4 Re7 24. d4 Ng4 25. Kxg4 Nf6+
26. Kh4 Qc8 27. Qf3 Rg7 28. Qc6+ Qd7 1-0

[Event "45th Capablanca Mem Open"]
[Site "Havana CUB"]
[Date "2010.06.13"]
[Round "4"]
[White "Hernandez Fernandez,Ra"]
[Black "Olivera Medrano,J"]
[Result "1-0"]
[WhiteElo "2301"]
[BlackElo "2396"]
[EventDate "2010.06.10"]

1. d4 d5 2. Nf3 e6 3. Bg5 Nf6 4. Nbd2 Be7 5. e3 Nbd7 6. Bd3 h6 7. Bh4 O-O
8. O-O b6 9. Ne5 Nxe5 10. dxe5 Nh7 11. Bxe7 Qxe7 12. f4 a5 13. Qe2 a4 14.
a3 Qc5 15. Rf3 Bb7 16. Rg3 f5 17. c3 Qe7 18. Qh5 Kh8 19. Nf3 Bc6 20. Nh4
Be8 21. Ng6+ Bxg6 22. Rxg6 c5 23. g4 d4 24. gxf5 exf5 25. exd4 cxd4 26. c4
Qc7 27. Kf2 Rf7 28. Rag1 Raf8 29. Rd6 Nf6 30. Qh4 Ng4+ 31. Ke2 Re8 32. Kd2
b5 33. cxb5 g5 34. Rxh6+ Nxh6 35. Qxh6+ Rh7 36. Qxg5 Rxh2+ 37. Kd1 Qf7 38.
Bc4 Qh5+ 39. Qxh5+ Rxh5 40. Bf7 1-0